LIBRARY & INFORMATION CENTRE, KCAET, TAVANUR

ONLINE PUBLIC ACCESS CATALOGUE (OPAC)

Kuvalayananda of Appayadiksit / (Record no. 8176)

MARC details
000 -LEADER
fixed length control field 00448cam a2200181ua 4500
041 ## - LANGUAGE CODE
Language code of text/sound track or separate title hin
082 ## - DEWEY DECIMAL CLASSIFICATION NUMBER
Classification number 891.54
Item number BHO/KU
100 ## - MAIN ENTRY--AUTHOR NAME
Personal name Bholashankar, Vyas .
245 ## - TITLE STATEMENT
Title Kuvalayananda of Appayadiksit /
250 ## - EDITION STATEMENT
Edition statement 2 /
260 ## - PUBLICATION, DISTRIBUTION, ETC. (IMPRINT)
Place of publication :
Name of publisher Chowkhamba Vidyabhavan ,
Year of publication 1963.
300 ## - PHYSICAL DESCRIPTION
Number of Pages 312 ; .
942 ## - ADDED ENTRY ELEMENTS (KOHA)
Koha item type Books
Holdings
Withdrawn status Lost status Damaged status Home library Current library Date acquired Full call number Accession Number Koha item type
Withdrawn     KAUAET Sanskrit University 07/04/2012 891.54 BHO/KU 12563 Books
free website counter